00726cam a22002291 4500001001300000003000400013005001700017008004100034010001700075035002000092040002300112042001200135050002400147110001100171245013200182250001400314260004500328300002500373650004200398700003900440999001700479sa 66000502 DLC20260227112215.0900305s1965 ii 000 0 eng  asa 66000502  a(OCoLC)21172343 aDLCcViUdViUdDLC apremarc00aKNS2790b.B437 19651 aIndia.10aLaw and practice of wealth-tax, gift-tax, expenditure-tax, surtax :b(corrected upto September 1965) /cby Sukumar Bhatacharya. a[1st ed.] aCalcutta,bNababharat Publishersc[1965] aviii, 174 p.c25 cm. 0aTaxationxLaw and legislationzIndia.1 aBhattacharya, Sukumar,d1923-2005. c67286d67286